000 00462nam a2200193Ia 4500
005 20140407104047.0
008 140130s9999 xx 000 0 und d
020 _a0439876443
050 _aQC 966.5
_b.B344 2006
100 _aBauer, Jeff
245 _cJeff Bauer.
_aLightning /
260 _bScholastic,
_c2006.
_aUSA :
300 _a16 p. :
_bcol. ill. ;
_c22 cm.
440 _v1
521 _aG2
526 _c370
942 _cBK
_2lcc
999 _c41658
_d41658